| 000 | 00622nam a22002057a 4500 | ||
|---|---|---|---|
| 999 |
_c20737 _d20737 |
||
| 003 | AR-CdUCM | ||
| 008 | 190508b ||||| |||| 00| 0 spa d | ||
| 040 |
_aMUNICIPALIDAD PROVINCIAL DEL CUSCO _cBIBLIOTECA MUNICIPAL DEL CUSCO |
||
| 082 |
_a869.152 / _bN26 |
||
| 100 |
_aNervo, Amado _935562 |
||
| 245 | _aSerenidad / | ||
| 260 |
_aSantiago de Chile : _c1912 |
||
| 300 |
_a140 páginas ; _c19 cm. |
||
| 500 | _a[libro reempastado] | ||
| 505 | _aContenido: Apaciblemente -- Rimas irónicas y cortesanas -- Amor... | ||
| 650 |
_aPoesías _914363 |
||
| 650 |
_aSiglo XIX. _9971 |
||
| 942 |
_2ddc _cLIBROS |
||
| 945 | _aAndy | ||